000
00282nam a2200109 a 4500
005
20201002044926.0
008
140403s1971 000 spa d
100
_a
Hugo, Victor
_9
12874
245
3
_a
El noventa y tres.
260
_a
Madrid -- Libra,
_c
1971 -- 182 p.
999
_c
43188
_d
43188
040
_a
DO-SdBNP